000 00725cab a2200241 4500
001 ABS47232
008 090401t1992 xxu||||| |||| 00| 0 eng d
035 _a(Sirsi) u61137
041 _aeng
100 _aBurton, I.
245 _aForest managers put on a statutory footing
260 _c1992
350 _a0
490 _aPlanning (for the Natural and Built Environment)
_v(990) 16 October 1992, 16(1)
520 _aDiscusses what effect the granting of national park status to the New Forest is likely to have on the area.
650 _aCROWN LANDS
650 _aNATIONAL PARKS
650 _aNEW FOREST HERITAGE AREA
650 _aNEW FOREST
690 _aCONSERVATION
942 _n0
948 _c04/03/1997
999 _c37810
_d37810